Фінансове право України (Запис № 315086)

МАРК-запис
000 -Лідер
fixed length control field 01902nam a22002777a 4500
001 - Контрольний номер
control field 28714
003 - Ідентифікатор контрольного номера
control field UA-OsUOA
005 - Дата та час останнього входження (трансакції)
control field 20230504161220.0
007 - Фіксоване поле фізичного опису
fixed length control field ta
008 - Елементи даних фіксованої довжини – загальна інформація
fixed length control field 20050426b un ||||| |||| 00| 0 ukr d
020 ## - Міжнародний стандартний книжковий номер (ISBN)
Міжнародний стандартний книжковий номер (ISBN) (НП) 966-326-008-4
040 ## - Джерело каталогізації
Агенція оригінальної каталогізації UA-OsUOA
Мова каталогізації ukr
Агенція, яка здійснювала перезапис UA-OsUOA
Агенція, яка здійснювала модифікацію UA-OsUOA
041 ## - Код мови
Код мови тексту/ звукової доріжки чи окремого заголовка (П) ukr
044 ## - Код країни видавця/ виробника
Код країни видавця/ виробника (П) UA
080 ## - Індекс Універсальної десяткової класифікації
Індекс Універсальної десяткової класифікації (УДК) (НП) 347.73(075.8)
090 ## - Локальний шифр розміщення
Класифікаційний індекс УДК 347.73(075.8)
Авторський знак (НП) Д53
100 ## - Основне введення – ім’я особи
Ім’я особи (НП) Дмитренко Е. С.
245 ## - Відомості про назву
Назва (НП) Фінансове право України
Решта назви (НП) практикум
260 ## - Публікація, розповсюдження і т.п. (Вихідні дані)
Місце публікації, розповсюдження і т.п. (П) К.
Ім’я/ наймення видавництва, розповсюджувача і т.п. (П) Атіка
Дата публікації, розповсюдження і т.п. (П) 2004
300 ## - Фізичний опис
Обсяг 216 с.
520 ## - Резюме і т.п.
Резюме, реферат, анотація, тощо (НП) До посібника включено програму курсу «Фінансове право України», плани семінарських (практичних) занять та методичні рекомендації щодо їх підготов­ки і проведення, контрольні запитання, тестові та практичні завдання. Після кожного семінарського (практичного) заняття подано нормативно-правові акти (станом на30. 09. 2003 р.) та додаткову літературу.<br/>Посібник містить також: методичні рекомендації до виконання контрольної роботи для слухачів заочної форми навчання та до виконання і захисту курсо­вої та дипломної роботи для слухачів денної та заочної форм навчання і пе­релік питань для підсумкового контролю з курсу «Фінансове право України».
650 #7 - Додаткове предметне введення – тематичний термін
Джерело заголовка чи терміна UDC
942 ## - Додаткові елементи входу (Коха)
Тип елемента Koha Книги
Source of classification or shelving scheme Universal Decimal Classification
955 ## - Код типу видання за змістом
Код типу видання за змістом (НП) інше
Фонди
Стан вилучень Стан втрат Джерело класифікації або схеми стелажів Стан уражень Не для кредиту Постійне місце розташування Поточне розміщення Дата придбання Інвентарний номер Усього замовленно Повний номер виклику Штрих-код Дата останнього перегляду Ціна ефективна від Тип елемента Koha Джерело придбання Вартість, звичайна ціна покупки
    Universal Decimal Classification     ЧЗ - Читальна зала ЧЗ - Читальна зала 27/04/2005 84798   347.73(075.8) Д53 84798 09/02/2022 26/04/2005 Книги    
    Universal Decimal Classification     ЧЗ - Читальна зала ЧЗ - Читальна зала 26/04/2005 84799   347.73(075.8) Д53 84799 09/02/2022 26/04/2005 Книги    
    Universal Decimal Classification     ЧЗ - Читальна зала ЧЗ - Читальна зала 24/11/2005 88897   347.73(075.8) Д53 88897 09/02/2022 26/04/2005 Книги 134/2005 12.40
    Universal Decimal Classification     ЧЗ - Читальна зала ЧЗ - Читальна зала 24/11/2005 88898   347.73(075.8) Д53 88898 09/02/2022 26/04/2005 Книги 134/2005 12.40
    Universal Decimal Classification     ЧЗ - Читальна зала ЧЗ - Читальна зала 24/11/2005 88899   347.73(075.8) Д53 88899 09/02/2022 26/04/2005 Книги 134/2005 12.40